| 000 | 00409nam a2200157 a 4500 | ||
|---|---|---|---|
| 005 | 20140310183233.0 | ||
| 008 | 040709s19uu xx 00 eng d | ||
| 050 |
_aQA 276.12 _b.N277 1983 |
||
| 100 | _aNTTC. | ||
| 245 |
_aCollection,organization and presentation of data : _bCH07 / _cNTTC. |
||
| 260 | _c1983. | ||
| 300 |
_a39 p. : _c22 cm. |
||
| 942 |
_cBK _2lcc _kLOC |
||
| 999 |
_c20512 _d20512 |
||